Design of Steel Structures (Record no. 5598)
[ view plain ]
| 000 -LEADER | |
|---|---|
| fixed length control field | 00333nam a2200145Ia 4500 |
| 008 - FIXED-LENGTH DATA ELEMENTS--GENERAL INFORMATION | |
| fixed length control field | 191201s2013 xx 000 0 und d |
| 082 ## - DEWEY DECIMAL CLASSIFICATION NUMBER | |
| Classification number | 624.1821 |
| Item number | DUD |
| 100 ## - MAIN ENTRY--PERSONAL NAME | |
| Personal name | DUGGAL, SK |
| 245 #0 - TITLE STATEMENT | |
| Title | Design of Steel Structures |
| 250 ## - EDITION STATEMENT | |
| Edition statement | Rep |
| 260 ## - PUBLICATION, DISTRIBUTION, ETC. (IMPRINT) | |
| Place of publication, distribution, etc | N. Delhi |
| Name of publisher, distributor, etc | TMH |
| Date of publication, distribution, etc | 2013 |
| 300 ## - PHYSICAL DESCRIPTION | |
| Extent | 839 |
| 650 ## - SUBJECT ADDED ENTRY--TOPICAL TERM | |
| Topical term or geographic name as entry element | B.Tech(CE) |
| 942 ## - ADDED ENTRY ELEMENTS (KOHA) | |
| Source of classification or shelving scheme | Dewey Decimal Classification |
| Koha item type | Text Books |
| Withdrawn status | Lost status | Source of classification or shelving scheme | Damaged status | Not for loan | Collection code | Home library | Current library | Date acquired | Source of acquisition | Cost, normal purchase price | Bill Number | Total Checkouts | Full call number | Acc. no. / Barcode | Date last seen | Date last borrowed | Bill Date | Koha item type | Checked out | Actual Cost, discounted price |
|---|---|---|---|---|---|---|---|---|---|---|---|---|---|---|---|---|---|---|---|---|
| Dewey Decimal Classification | B.Tech(CE) | PIET C-LIBRARY | PIET C-LIBRARY | 07/05/2013 | IBH, New Delhi | 495.00 | 1002 | 5 | 624.1821 DUD | 21563 | 14/06/2023 | 26/05/2023 | 06/05/2013 | Text Books | ||||||
| Dewey Decimal Classification | B.Tech(CE) | PIET C-LIBRARY | PIET C-LIBRARY | 07/05/2013 | IBH, New Delhi | 495.00 | 1002 | 12 | 624.1821 DUD | 21564 | 26/05/2026 | 16/05/2026 | 06/05/2013 | Text Books | ||||||
| Dewey Decimal Classification | B.Tech(CE) | PIET C-LIBRARY | PIET C-LIBRARY | 07/05/2013 | IBH, New Delhi | 495.00 | 1002 | 4 | 624.1821 DUD | 21565 | 03/05/2023 | 03/05/2023 | 06/05/2013 | Text Books | 30/10/2023 | |||||
| Dewey Decimal Classification | B.Tech(CE) | PIET C-LIBRARY | PIET C-LIBRARY | 07/05/2013 | IBH, New Delhi | 495.00 | 1002 | 6 | 624.1821 DUD | 21566 | 07/07/2025 | 23/06/2025 | 06/05/2013 | Text Books | ||||||
| Dewey Decimal Classification | B.Tech(CE) | PIET C-LIBRARY | PIET C-LIBRARY | 07/05/2013 | IBH, New Delhi | 495.00 | 1002 | 7 | 624.1821 DUD | 21567 | 01/06/2024 | 22/05/2024 | 06/05/2013 | Text Books | ||||||
| Dewey Decimal Classification | B.Tech(CE) | PIET C-LIBRARY | PIET C-LIBRARY | 07/05/2013 | IBH, New Delhi | 495.00 | 1002 | 15 | 624.1821 DUD | 21568 | 06/02/2026 | 22/01/2026 | 06/05/2013 | Text Books | ||||||
| Dewey Decimal Classification | B.Tech(CE) | PIET C-LIBRARY | PIET C-LIBRARY | 07/05/2013 | IBH, New Delhi | 495.00 | 1002 | 624.1821 DUD | 21569 | 04/12/2019 | 06/05/2013 | Text Books | ||||||||
| Dewey Decimal Classification | B.Tech(CE) | PIET C-LIBRARY | PIET C-LIBRARY | 07/05/2013 | IBH, New Delhi | 495.00 | 1002 | 19 | 624.1821 DUD | 21570 | 01/05/2026 | 21/04/2026 | 06/05/2013 | Text Books | ||||||
| Dewey Decimal Classification | B.Tech(CE) | PIET C-LIBRARY | PIET C-LIBRARY | 07/05/2013 | IBH, New Delhi | 495.00 | 1002 | 7 | 624.1821 DUD | 21571 | 21/04/2026 | 31/03/2026 | 06/05/2013 | Text Books | ||||||
| Dewey Decimal Classification | B.Tech(CE) | PIET C-LIBRARY | PIET C-LIBRARY | 07/05/2013 | IBH, New Delhi | 495.00 | 1002 | 5 | 624.1821 DUD | 21572 | 06/07/2023 | 24/06/2023 | 06/05/2013 | Text Books | ||||||
| Dewey Decimal Classification | B.Tech(CE) | PIET C-LIBRARY | PIET C-LIBRARY | 19/05/2014 | Orange Books International | 595.00 | 64 | 3 | 624.1821 DUD | 24120 | 11/06/2024 | 03/06/2024 | 07/05/2014 | Text Books | 416.50 | |||||
| Dewey Decimal Classification | B.Tech(CE) | PIET C-LIBRARY | PIET C-LIBRARY | 19/05/2014 | Orange Books International | 595.00 | 64 | 8 | 624.1821 DUD | 24121 | 26/06/2023 | 21/06/2023 | 07/05/2014 | Text Books | 416.50 | |||||
| Dewey Decimal Classification | B.Tech(CE) | PIET C-LIBRARY | PIET C-LIBRARY | 19/05/2014 | Orange Books International | 595.00 | 64 | 6 | 624.1821 DUD | 24122 | 27/01/2026 | 07/01/2026 | 07/05/2014 | Text Books | 416.50 | |||||
| Dewey Decimal Classification | B.Tech(CE) | PIET C-LIBRARY | PIET C-LIBRARY | 19/05/2014 | Orange Books International | 595.00 | 64 | 15 | 624.1821 DUD | 24123 | 26/05/2026 | 21/04/2026 | 07/05/2014 | Text Books | 416.50 | |||||
| Dewey Decimal Classification | B.Tech(CE) | PIET C-LIBRARY | PIET C-LIBRARY | 19/05/2014 | Orange Books International | 595.00 | 64 | 6 | 624.1821 DUD | 24124 | 27/06/2023 | 29/05/2023 | 07/05/2014 | Text Books | 416.50 | |||||
| Dewey Decimal Classification | B.Tech(CE) | PIET C-LIBRARY | PIET C-LIBRARY | 19/05/2014 | Orange Books International | 595.00 | 64 | 8 | 624.1821 DUD | 24125 | 25/06/2025 | 20/06/2025 | 07/05/2014 | Text Books | 416.50 | |||||
| Dewey Decimal Classification | B.Tech(CE) | PIET C-LIBRARY | PIET C-LIBRARY | 19/05/2014 | Orange Books International | 595.00 | 64 | 14 | 624.1821 DUD | 24126 | 14/05/2026 | 29/04/2026 | 07/05/2014 | Text Books | 416.50 | |||||
| Dewey Decimal Classification | B.Tech(CE) | PIET C-LIBRARY | PIET C-LIBRARY | 19/05/2014 | Orange Books International | 595.00 | 64 | 7 | 624.1821 DUD | 24127 | 14/05/2026 | 01/05/2026 | 07/05/2014 | Text Books | 416.50 | |||||
| Dewey Decimal Classification | B.Tech(CE) | PIET C-LIBRARY | PIET C-LIBRARY | 19/05/2014 | Orange Books International | 595.00 | 64 | 4 | 624.1821 DUD | 24128 | 06/06/2023 | 19/05/2023 | 07/05/2014 | Text Books | 416.50 | |||||
| Dewey Decimal Classification | B.Tech(CE) | PIET C-LIBRARY | PIET C-LIBRARY | 19/05/2014 | Orange Books International | 595.00 | 64 | 7 | 624.1821 DUD | 24129 | 29/04/2026 | 21/04/2026 | 07/05/2014 | Text Books | 416.50 |